| 000 | 00694nam a2200217Ia 4500 | ||
|---|---|---|---|
| 005 | 20230522150637.0 | ||
| 008 | 210716s2011 xx 000 0 und d | ||
| 020 | _a9788126532339 | ||
| 040 | _cAIMIT LIBRARY | ||
| 041 | _aeng | ||
| 082 |
_a004.602 _21 _bMCCC |
||
| 100 |
_aMcCourt, Cindy. _9110475 |
||
| 245 |
_aDrupal : _bguide to planning and building websites / _cBy Cindy Mccourt. |
||
| 250 | _a1st ed. | ||
| 260 |
_aNew Delhi : _bWiley India Pvt Ltd , _c2011. |
||
| 300 |
_axxiv,479p. ; _bPB _c23.5 cm |
||
| 650 |
_aPlanning your website _9110476 |
||
| 650 |
_aBuilding and sustaning your website _9110477 |
||
| 650 |
_aAn example site _9110478 |
||
| 942 |
_2ddc _cBK _e1st _k004.602 MCCC |
||
| 999 |
_c191906 _d191906 |
||